00466 2200205 4500001002100000008004100021035002000062245003200082100001200114250000600126260003300132300001100165084001400176082000800190650001400198990001200212990001200224990001200236990001200248INLIS000000000000500 ind  a0010-0424000476 aAneka Minuman KopicSumarni aSumarni a1 aKlaten :bIntan Sejatic2015 a76 hlm a600 SUM a a600 aNon Fiksi a0722020 a0722021 a0722022 a0722023